| 000 | 00947nam a22003137a 4500 | ||
|---|---|---|---|
| 003 | CHAP | ||
| 005 | 20220329134652.0 | ||
| 008 | 971013s1968 r 00010 d | ||
| 010 | _a23965 | ||
| 011 | _a24937 | ||
| 035 | _a29037 | ||
| 040 | _cCHAP | ||
| 090 | _aFolleto 8786 | ||
| 100 | 0 | 0 |
_aBravo Mojica, Hiram. _915144 |
| 245 | _aInformación reciente sobre el gusano bellotero | ||
| 260 |
_aCuliacán, Sin. : _bServicios de Extensión Agrícola, _c1968 |
||
| 300 | _a14 h. | ||
| 490 |
_aBoletín _v; 29 |
||
| 590 |
_aBATCH-UPD _b10 _c20130110 _lUCH01 _h0216 |
||
| 590 |
_aBATCH-UPD _b10 _c20130110 _lUCH01 _h1703 |
||
| 590 |
_aBATCH-UPD _b10 _c20130410 _lUCH01 _h1050 |
||
| 590 |
_aBATCH-UPD _b10 _c20130914 _lUCH01 _h0650 |
||
| 590 |
_aCONVERSION _b10 _c20130109 _lUCH01 _h1314 |
||
| 650 | 1 | 4 |
_aHeliothis. _953436 |
| 830 | 0 |
_aBoletín _v; 29 _913507 |
|
| 901 | _aBK | ||
| 942 | _cFOLL | ||
| 949 |
_aFolleto 8786 _bBC _cFOLL _d-67125 _eTS1 _i29037 _si |
||
| 999 |
_c23965 _d23965 |
||